Daroose e awal Part 2. (Record no. 11461)
[ view plain ]
| 000 -LEADER | |
|---|---|
| fixed length control field | 00282nam a22001337a 4500 |
| 082 ## - DEWEY DECIMAL CLASSIFICATION NUMBER | |
| Classification number | 492 |
| 100 ## - MAIN ENTRY--PERSONAL NAME | |
| Personal name | Abdul Raheem |
| 245 ## - TITLE STATEMENT | |
| Title | Daroose e awal Part 2. |
| 260 ## - PUBLICATION, DISTRIBUTION, ETC. | |
| Place of publication, distribution, etc. | Islamabad |
| Name of publisher, distributor, etc. | Darul Ilm |
| 300 ## - PHYSICAL DESCRIPTION | |
| Extent | 224 p. |
| 650 ## - SUBJECT ADDED ENTRY--TOPICAL TERM | |
| Topical term or geographic name entry element | Arabic language. |
| 700 ## - ADDED ENTRY--PERSONAL NAME | |
| Personal name | Abdul Raheem |
| 942 ## - ADDED ENTRY ELEMENTS (KOHA) | |
| Koha item type | Book |
| Withdrawn status | Lost status | Damaged status | Not for loan | Collection code | Permanent Location | Current Location | Shelving location | Date acquired | Source of acquisition | Cost, normal purchase price | Total Checkouts | Full call number | Barcode | Date last seen | Price effective from | Koha item type |
|---|---|---|---|---|---|---|---|---|---|---|---|---|---|---|---|---|
| Central Library (CL) | Central Library (CL) | General Stacks | 12/05/2012 | NUML Ilamabad | 120.00 | 492 ABD | SEECS011709 | 12/21/2012 | 12/21/2012 | Book |
